| 000 | 01945nam a2200445 i 4500 | ||
|---|---|---|---|
| 001 | ebr10950179 | ||
| 003 | CaPaEBR | ||
| 006 | m o d | ||
| 007 | cr cn||||||||| | ||
| 008 | 041119t20052005paua ob 001 0 eng|d | ||
| 020 | _z0822942577 (cloth : alk. paper) | ||
| 020 | _z0822958767 (pbk. : alk. paper) | ||
| 020 | _z9780822958765 | ||
| 020 | _a9780822972778 (e-book) | ||
| 040 |
_aCaPaEBR _beng _erda _epn _cCaPaEBR |
||
| 035 | _a(OCoLC)893681845 | ||
| 050 | 1 | 4 |
_aGF13 _b.C58 2005eb |
| 082 | 0 | 4 |
_a304.2 _222 |
| 245 | 0 | 0 |
_aCity, country, empire : _blandscapes in environmental history / _cedited by Jeffry M. Diefendorf and Kurk Dorsey. |
| 264 | 1 |
_aPittsburgh, Pennsylvania : _bUniversity of Pittsburgh Press, _c[2005] |
|
| 264 | 4 | _c�2005 | |
| 300 |
_a1 online resource (297 pages) : _billustrations |
||
| 336 |
_atext _2rdacontent |
||
| 337 |
_acomputer _2rdamedia |
||
| 338 |
_aonline resource _2rdacarrier |
||
| 504 | _aIncludes bibliographical references and index. | ||
| 588 | _aDescription based on print version record. | ||
| 590 | _aElectronic reproduction. Palo Alto, Calif. : ebrary, 2014. Available via World Wide Web. Access may be limited to ebrary affiliated libraries. | ||
| 650 | 0 |
_aHuman ecology _xHistory. |
|
| 650 | 0 |
_aUrban ecology (Sociology) _xHistory. |
|
| 650 | 0 |
_aLandscape changes _xHistory. |
|
| 650 | 0 |
_aEconomic development _xEnvironmental aspects. |
|
| 650 | 0 | _aSocial history. | |
| 655 | 0 | _aElectronic books. | |
| 700 | 1 |
_aDiefendorf, Jeffry M., _d1945- _eeditor. |
|
| 700 | 1 |
_aDorsey, Kurkpatrick, _eeditor. |
|
| 776 | 0 | 8 |
_iPrint version: _tCity, country, empire : landscapes in environmental history. _dPittsburgh, Pennsylvania : University of Pittsburgh Press, [2005] _hviii, 288 pages ; 24 cm _z9780822958765 _w(DLC)10950179 |
| 797 | 2 | _aebrary. | |
| 856 | 4 | 0 |
_uhttp://site.ebrary.com/lib/rucke/Doc?id=10950179 _zAn electronic book accessible through the World Wide Web; click to view |
| 999 |
_c4143 _d4143 |
||